Principios de Cirugía. (Registro nro. 639)

Detalles MARC
000 -LEADER
fixed length control field 01662 am a2200517 a 4500
005 - FECHA ULTIMA MODIFICACION
control field 20240701112746.0
008 - CAMPO DE CONTROL (LIBRO)
fixed length control field 100830s1998||||mx a f |||| 001 0 spa d
020 ## - INTERNATIONAL STANDARD BOOK NUMBER
ISBN 9682523532
041 ## - CODIGO DE IDIOMA
Código de idioma del texto/pista de sonido o título separado spa
092 ## - SIGNATURA TOPOGRAFICA DEWEY LOCAL
número de clasificación 617
libristica 77
sección SCH
100 1# - ENTRADA PRINCIPAL--NOMBRE PERSONAL
Nombre personal Schwartz, Seymour I.
9 (RLIN) 1316
245 ## - TITULO PROPIAMENTE DICHO
Título Principios de Cirugía.
Subtítulo y Título paralelo T.2 /
Mención de responsabilidad y remanente de la transcripción de la portada Seymour I. Schwartz
250 ## - MENCION DE EDICION
Mención de edición 6a ed.
260 ## - PIE DE IMPRENTA
Lugar de publicación, distribución, etc México:
Nombre de la editorial, distribuidor, etc Interamericana ; McGraw-Hill;
Fecha de publicación 1998.
300 ## - DESCRIPCION FISICA
Extension 1020-2192 p.
500 ## - NOTA GENERAL
Nota general Schwartz, S. I., Shires III, G. T. y Spencer, F. C. (1998). Principios de Cirugía. T.2 (6a ed.). México : Interamericana ; McGraw-Hill.
653 ## - TÉRMINO INDIZADO - PALABRAS CLAVES
Palabra clave Enfermedades venosas y linfáticas
653 ## - TÉRMINO INDIZADO - PALABRAS CLAVES
Palabra clave Manifestaciones de las enfermedades digestivas
653 ## - TÉRMINO INDIZADO - PALABRAS CLAVES
Palabra clave Esófago y hernia diafragmática
653 ## - TÉRMINO INDIZADO - PALABRAS CLAVES
Palabra clave Estómago
653 ## - TÉRMINO INDIZADO - PALABRAS CLAVES
Palabra clave Intestino delgado
653 ## - TÉRMINO INDIZADO - PALABRAS CLAVES
Palabra clave Colon, recto y ano
653 ## - TÉRMINO INDIZADO - PALABRAS CLAVES
Palabra clave Apéndice
653 ## - TÉRMINO INDIZADO - PALABRAS CLAVES
Palabra clave Hígado
653 ## - TÉRMINO INDIZADO - PALABRAS CLAVES
Palabra clave Vesícula biliar y sistema biliar extrahepático
653 ## - TÉRMINO INDIZADO - PALABRAS CLAVES
Palabra clave Páncreas
653 ## - TÉRMINO INDIZADO - PALABRAS CLAVES
Palabra clave Bazo
653 ## - TÉRMINO INDIZADO - PALABRAS CLAVES
Palabra clave Peritonitis e infección intraabdominal
653 ## - TÉRMINO INDIZADO - PALABRAS CLAVES
Palabra clave Pared abdominal, epiplón, mesenterio y retroperitoneo
653 ## - TÉRMINO INDIZADO - PALABRAS CLAVES
Palabra clave Hernias de la pared abdominal
653 ## - TÉRMINO INDIZADO - PALABRAS CLAVES
Palabra clave Hipófisis y suprarrenal
653 ## - TÉRMINO INDIZADO - PALABRAS CLAVES
Palabra clave Tiroides y paratiroides
653 ## - TÉRMINO INDIZADO - PALABRAS CLAVES
Palabra clave Cirugía pediátrica
653 ## - TÉRMINO INDIZADO - PALABRAS CLAVES
Palabra clave Urología
653 ## - TÉRMINO INDIZADO - PALABRAS CLAVES
Palabra clave Ginecología
653 ## - TÉRMINO INDIZADO - PALABRAS CLAVES
Palabra clave Neurocirugía
653 ## - TÉRMINO INDIZADO - PALABRAS CLAVES
Palabra clave Ortopedia
653 ## - TÉRMINO INDIZADO - PALABRAS CLAVES
Palabra clave Amputaciones
653 ## - TÉRMINO INDIZADO - PALABRAS CLAVES
Palabra clave Mano
653 ## - TÉRMINO INDIZADO - PALABRAS CLAVES
Palabra clave Cirugía plástica y reconstructiva
700 1# - ENTRADAS SECUNDARIAS - NOMBRE PERSONAL
Nombre personal Shires III, G. Tom.
9 (RLIN) 1317
700 1# - ENTRADAS SECUNDARIAS - NOMBRE PERSONAL
Nombre personal Spencer, Frank C.
9 (RLIN) 1318
930 ## - NUMERO DE INVENTARIO
Número de inventario 869
930 ## - NUMERO DE INVENTARIO
Número de inventario 872
942 ## - ADDED ENTRY ELEMENTS (KOHA)
Source of classification or shelving scheme Dewey Decimal Classification
Item type Libros
Existencias
Estado de retiro Existencia Fuente de clasificación Estado general No para prestamo Colección Ubicación permanente ubicación actual Sala de ubicación Fecha de adquisición Total Checkouts Número de clasificación Código de barras Date last seen Número de ejemplar Price effective from Koha tipo de elemento (item) Public note Coded location qualifier Date last borrowed
    Dewey Decimal Classification     Reference Biblioteca Medicina Biblioteca Medicina Referencia 13/05/2011   617 77 SCH 869 06/11/2014 ej.1 01/09/2011 Reference LIBRO DE CONSULTA Hemeroteca 2022    
    Dewey Decimal Classification       Biblioteca Medicina Biblioteca Medicina Circulación 13/05/2011 3 617 77 SCH 872 20/10/2016 ej.2 13/05/2011 Libros Hemeroteca 2022   18/10/2016

UNIVERSIDAD NACIONAL DEL COMAHUE
Biblioteca de la Facultad de Ciencias Médicas
Sede Toschi: Los Arrayanes y Av. Toschi, Cipolletti  - Rio Negro
Sede Los Tordos:  Yrigoyen al 2211, Cipolletti - Rio Negro 

Teléfono: 0299 - 4774707 int 25
Contacto: biblioteca@facimed.uncoma.edu.ar
© 2011 - 2026